|
|
|
|
| LEADER |
00000nam a2200000 a 4500 |
| 001 |
UCI5340 |
| 003 |
CL-VaPUC |
| 008 |
080320e19680000CL |||||||||||||||||spa|d |
| 082 |
0 |
4 |
|a 320.44
|b SER
|2 21
|
| 100 |
0 |
|
|a Servan Schreiber, Jean Jacques
|e author
|9 527654
|
| 245 |
1 |
3 |
|a El despertar de Francia: mayo-junio 1968
|
| 300 |
|
|
|a 110 p
|
| 942 |
|
|
|c BK
|
| 945 |
|
|
|d 20080320 00:00:00
|a jtorresc
|
| 260 |
|
|
|a Santiago
|b Zig-Zag
|c 1968
|
| 650 |
|
0 |
|a Política y gobierno
|9 255151
|
| 650 |
|
0 |
|a Democracia
|9 255256
|
| 650 |
|
7 |
|a SISTEMAS CAPITALISTAS
|2 CL-VaPUC
|9 341240
|
| 650 |
|
0 |
|a Revolución industrial
|9 309422
|
| 650 |
|
0 |
|a Integración económica
|9 255024
|
| 651 |
|
0 |
|a Francia
|9 255157
|
| 583 |
|
|
|a last modification
|c 20080320 00:00:00
|k Rodrigo Vera
|
| 490 |
0 |
|
|a Ensayos
|
| 999 |
|
|
|c 329093
|d 329091
|
| 952 |
|
|
|0 0
|1 0
|4 0
|6 320_440000000000000_SER_1968
|7 0
|8 A
|9 413415
|a BIBHIS
|b BIBHIS
|d 2019-11-22
|i 441652K
|l 1
|o 320.44 SER 1968
|p 441652K
|r 2025-01-20
|s 2021-08-26
|w 2019-11-22
|y BK
|k HIS
|